Outlines of Indian legal & cinstitutional history: (Record no. 87466)

MARC details
000 -LEADER
fixed length control field 00897nam a22002177a 4500
005 - DATE AND TIME OF LATEST TRANSACTION
control field 20140726134402.0
010 ## - LCCN (DPL NO)
LC control number B-538712
020 ## - INTERNATIONAL STANDARD BOOK NUMBER
International Standard Book Number 9788175345584
Terms of availability 195.00
035 ## - SYSTEM CONTROL NUMBER
System control number B-538712
037 ## - SOURCE OF ACQUISITION
Source of stock number/acquisition UBH
082 ## - DEWEY DECIMAL CLASSIFICATION NUMBER
Classification number 342.5408
100 ## - MAIN ENTRY--PERSONAL NAME
Personal name Singh, M. P.
245 ## - TITLE STATEMENT
Title Outlines of Indian legal & cinstitutional history:
Remainder of title ncluding elements of Indian legal system/
Statement of responsibility, etc by Mahendra P. Singh.
250 ## - EDITION STATEMENT
Edition statement 8th ed..-
260 ## - PUBLICATION, DISTRIBUTION, ETC. (IMPRINT)
Place of publication, distribution, etc New Delhi
Name of publisher, distributor, etc Universal Law Publishing
Date of publication, distribution, etc 2014
270 ## - ADDRESS
Address A-58, G.T. Karnal Road Industrial Area, (near Azad Pur Metro Station)
City Delhi
Postal code 110033
Telephone number 011-47082254, 27458529, 27215334
Fax number 011-27458529
300 ## - PHYSICAL DESCRIPTION
Extent 220p
Dimensions 24 cm(pbk)
500 ## - GENERAL NOTE
General note Includes index
942 ## - ADDED ENTRY ELEMENTS (KOHA)
Source of classification or shelving scheme Dewey Decimal Classification
Item type English Books
Classification part 342.5408
Call number suffix SIN
Holdings
Withdrawn status Lost status Not for loan Collection code Home library Current library Date acquired Source of acquisition Cost, normal purchase price Full call number Barcode Copy number Cost, replacement price Koha item type
      Non-fiction Sarojini Nagar Sarojini Nagar 26/07/2014 UBH/109/9.7.14/DPL/ZLS/RP/2014-15/1/17/26.5.14/17.7.14 195.00 342.5408 SIN B-538712 1 195.00 English Books

© Delhi Public Library
Hit Counter
free hit counter